000 00681nam a2200205Ia 4500
003 OSt
005 20241109124000.0
008 210210b1997 xxu||||| |||| 00| 0 eng d
040 _cAL
041 _aKannada
082 _a954.871K SIDU
100 _aSIDDHAPURA VASUDEVA BHAT.
_dಸಿದ್ದಾಪುರ ವಾಸುದೇವ ಭಟ್
_9183970
245 _aUllalada Rani Abbakka.
_bಉಳ್ಳಾಲದ ರಾಣಿ ಅಬ್ಬಕ್ಕ.
260 _aMangalore
_bDharmadarshi Harikrishan Punarur
_c1997
300 _avi,24
650 _aDakshina Kannada / South Kanara / South Canara
_9183971
690 _aSouth Kanara
_9183972
906 _a052609
942 _2ddc
_cBK
999 _c101033
_d101033